| 000 | 00875nam a2200301 a 4500 | ||
|---|---|---|---|
| 003 | AR-BaBNM | ||
| 005 | 20251128210630.0 | ||
| 008 | 082120s2002 ||||||||||||||000 | spa|| | ||
| 020 | _a987-98357-0-0 | ||
| 040 | _cAR-BaBNM | ||
| 100 | 1 | _aCórdoba, María Alicia | |
| 245 | 0 | 0 | _aLa computadora en el aula |
| 260 |
_aBuenos Aires _bTango Ediciones _c2000 |
||
| 300 |
_a90 p. _bgráfs., il. |
||
| 490 | 0 |
_aMaterial de apoyo para la tarea docente _vv. 1 |
|
| 500 | _aContiene referencias bibliográficas | ||
| 650 | 4 | _aINFORMATICA | |
| 650 | 4 | _aCOMPUTADORAS | |
| 650 | 4 | _aPROGRAMAS INFORMATICOS | |
| 650 | 4 | _aACTIVIDADES DE APRENDIZAJE | |
| 650 | 4 | _aMETODOS DE ENSEÑANZA | |
| 650 | 4 | _aTECNOLOGIA EDUCATIVA | |
| 653 | _aENSEÑANZA DE LA TECNOLOGIA | ||
| 653 | _aEDUCACION GENERAL BASICA | ||
| 700 | 1 | _aSatuf, Stella Maris | |
| 942 | _cBK | ||
| 998 | _cRaquel | ||
| 999 |
_c16264 _d16264 |
||